<?xml version="1.0" encoding="UTF-8"?>
<record
    xmlns:xsi="http://www.w3.org/2001/XMLSchema-instance"
    xsi:schemaLocation="http://www.loc.gov/MARC21/slim http://www.loc.gov/standards/marcxml/schema/MARC21slim.xsd"
    xmlns="http://www.loc.gov/MARC21/slim">

  <leader>01347nam a2200277 a 4500</leader>
  <controlfield tag="001">84391</controlfield>
  <controlfield tag="003">BD-RjUL</controlfield>
  <controlfield tag="005">20241201114209.0</controlfield>
  <controlfield tag="008">241201s2011    bg ||||| |||| 00| 0 ben d</controlfield>
  <datafield tag="020" ind1=" " ind2=" ">
    <subfield code="a">9847018200265</subfield>
  </datafield>
  <datafield tag="035" ind1=" " ind2=" ">
    <subfield code="a">(BD-RjUL)84391</subfield>
  </datafield>
  <datafield tag="040" ind1=" " ind2=" ">
    <subfield code="a">BD-RjUL</subfield>
    <subfield code="b">eng</subfield>
    <subfield code="c">BD-RjUL</subfield>
  </datafield>
  <datafield tag="041" ind1=" " ind2=" ">
    <subfield code="a">ben</subfield>
  </datafield>
  <datafield tag="082" ind1=" " ind2=" ">
    <subfield code="2">23</subfield>
    <subfield code="a">297.12551 </subfield>
    <subfield code="b">ASS 2011</subfield>
  </datafield>
  <datafield tag="100" ind1=" " ind2=" ">
    <subfield code="a">&#x986;&#x9B8; -&#x9B8;&#x9BF;&#x99C;&#x9BF;&#x9B8;&#x9CD;&#x9A4;&#x9BE;&#x9A8;&#x9C0;, &#x986;&#x9AC;&#x9C1; &#x9A6;&#x9BE;&#x989;&#x9A6; &#x9B8;&#x9C1;&#x9B2;&#x9BE;&#x9AF;&#x9BC;&#x9AE;&#x9BE;&#x9A8; &#x987;&#x9AC;&#x9A8;&#x9C1;&#x9B2; &#x986;&#x9B6;&#x986;&#x99B; </subfield>
    <subfield code="9">14470</subfield>
  </datafield>
  <datafield tag="245" ind1=" " ind2=" ">
    <subfield code="a">&#x9B8;&#x9B9;&#x9C0;&#x9B9; &#x986;&#x9AC;&#x9C1; &#x9A6;&#x9BE;&#x989;&#x9A6; &#x9B6;&#x9B0;&#x9C0;&#x9AB; / </subfield>
    <subfield code="c">&#x987;&#x9AE;&#x9BE;&#x9AE; &#x986;&#x9AC;&#x9C1; &#x9A6;&#x9BE;&#x989;&#x9A6; &#x9B8;&#x9C1;&#x9B2;&#x9BE;&#x9AF;&#x9BC;&#x9AE;&#x9BE;&#x9A8; &#x987;&#x9AC;&#x9A8;&#x9C1;&#x9B2; &#x986;&#x9B6;&#x986;&#x99B; &#x986;&#x9B8;-&#x9B8;&#x9BF;&#x99C;&#x9BF;&#x9B8;&#x9CD;&#x9A4;&#x9BE;&#x9A8;&#x9C0; (&#x9B0;&#x9B9;:) , &#x985;&#x9A8;&#x9C1;&#x9AC;&#x9BE;&#x9A6; &#x9AE;&#x9BE;&#x993;&#x9B2;&#x9BE;&#x9A8;&#x9BE; &#x9B8;&#x9BF;&#x9B0;&#x9BE;&#x99C;&#x9C1;&#x9B2; &#x987;&#x9B8;&#x9B2;&#x9BE;&#x9AE; &#x99B;&#x9BE;&#x9B9;&#x9C7;&#x9AC;</subfield>
  </datafield>
  <datafield tag="260" ind1=" " ind2=" ">
    <subfield code="a">&#x9A2;&#x9BE;&#x995;&#x9BE; :</subfield>
    <subfield code="b">&#x9B8;&#x9AE;&#x9BE;&#x99A;&#x9BE;&#x9B0;,</subfield>
    <subfield code="c">&#x9E8;&#x9E6;&#x9E7;&#x9E7;</subfield>
  </datafield>
  <datafield tag="300" ind1=" " ind2=" ">
    <subfield code="a">&#x996;&#x9A3;&#x9CD;&#x9A1;.;</subfield>
    <subfield code="c">&#x9E8;&#x9E8; &#x9B8;&#x9C7;&#x9AE;&#x9BF;.</subfield>
  </datafield>
  <datafield tag="505" ind1="0" ind2="1">
    <subfield code="a">&#x996;&#x9A3;&#x9CD;&#x9A1;.&#x9E7;&#x9AE;-&#x9EB;&#x9AE; &#x98F;&#x995;&#x9A4;&#x9CD;&#x9B0;&#x9C7;</subfield>
  </datafield>
  <datafield tag="650" ind1=" " ind2=" ">
    <subfield code="a">&#x9B9;&#x9BE;&#x9A6;&#x9BF;&#x9B8; </subfield>
    <subfield code="v"> &#x997;&#x9CD;&#x9B0;&#x9A8;&#x9CD;&#x9A5; </subfield>
    <subfield code="y">&#x9E7;&#x9EE;&#x9E6;&#x9E6; &#x9B8;&#x9BE;&#x9B2;&#x9C7;&#x9B0; &#x9AA;&#x9CD;&#x9B0;&#x9A5;&#x9AE; &#x9A6;&#x9BF;&#x995;&#x9C7;&#x9B0; &#x995;&#x9BE;&#x99C; | </subfield>
    <subfield code="9">14471</subfield>
  </datafield>
  <datafield tag="650" ind1=" " ind2=" ">
    <subfield code="a">&#x986;&#x9AC;&#x9C1; &#x9A6;&#x9BE;&#x989;&#x9A6;</subfield>
    <subfield code="9">14472</subfield>
  </datafield>
  <datafield tag="650" ind1=" " ind2=" ">
    <subfield code="a">Hadith </subfield>
    <subfield code="v">Texts </subfield>
    <subfield code="y">Early works to 1800 </subfield>
    <subfield code="9">14473</subfield>
  </datafield>
  <datafield tag="651" ind1=" " ind2=" ">
    <subfield code="a">Abu Daud </subfield>
    <subfield code="9">14474</subfield>
  </datafield>
  <datafield tag="700" ind1=" " ind2=" ">
    <subfield code="a">&#x99B;&#x9BE;&#x9B9;&#x9C7;&#x9AC;, &#x9B8;&#x9BF;&#x9B0;&#x9BE;&#x99C;&#x9C1;&#x9B2; &#x987;&#x9B8;&#x9B2;&#x9BE;&#x9AE; </subfield>
    <subfield code="9">14475</subfield>
  </datafield>
  <datafield tag="942" ind1=" " ind2=" ">
    <subfield code="2">ddc</subfield>
    <subfield code="c">BK</subfield>
  </datafield>
  <datafield tag="999" ind1=" " ind2=" ">
    <subfield code="c">84391</subfield>
    <subfield code="d">84391</subfield>
  </datafield>
  <datafield tag="952" ind1=" " ind2=" ">
    <subfield code="0">0</subfield>
    <subfield code="1">0</subfield>
    <subfield code="2">ddc</subfield>
    <subfield code="4">0</subfield>
    <subfield code="7">1</subfield>
    <subfield code="8">NFIC</subfield>
    <subfield code="a">RUCL</subfield>
    <subfield code="b">RUCL</subfield>
    <subfield code="c">Reading</subfield>
    <subfield code="d">2024-12-01</subfield>
    <subfield code="e">Author</subfield>
    <subfield code="o">B 297.12551  ASS V.1-5 2011</subfield>
    <subfield code="r">2024-12-01 00:00:00</subfield>
    <subfield code="t">C-1</subfield>
    <subfield code="y">BK</subfield>
  </datafield>
</record>
